The Common Market: economic integration in Europe

Saved in:
Bibliografiske detaljer
Main Authors: Jensen, Finn B (Author), Walter, Ingo (Author)
Format: Bog
Sprog:engelsk
Udgivet: Filadelfia J.B.Lippicott 1965
Fag:
Tags: Tilføj Tag
Ingen Tags, Vær først til at tagge denne postø!

MARC

LEADER 00000nam a2200000 a 4500
001 UCT7749
003 CL-VaPUC
008 970317e19650000US |||||||||||||||||eng|d
082 0 4 |a 337.142  |b JEN  |2 21 
100 |a Jensen, Finn B  |e author  |9 380677 
700 0 |a Walter, Ingo  |e author  |9 378824 
245 1 4 |a The Common Market: economic integration in Europe 
300 |a 278 p 
942 |c BK 
945 |d 19970317 00:00:00  |a nastorga 
260 |a Filadelfia  |b J.B.Lippicott   |c 1965 
600 0 7 |a COMUNIDAD EUROPEA  |2 CL-VaPUC  |9 378825 
650 0 |a Mercado común   |9 378790 
650 0 |a Integración económica  |9 255024 
650 0 |a Economía   |9 255568 
650 0 |a Política social  |9 257588 
650 7 |a LEGISLACION  |2 CL-VaPUC  |9 378826 
650 0 |a Monopolios  |9 255549 
650 0 |a Impuestos  |9 255450 
651 0 |a Europa  |9 255156 
583 |a last modification  |c 19970317 00:00:00  |k Rodrigo Vera 
999 |c 256297  |d 256295 
952 |0 0  |1 0  |4 0  |6 337_142000000000000_JEN_1965  |7 0  |8 A  |9 278959  |a BIBDER  |b BIBDER  |d 2019-11-19  |i 1810596  |o 337.142 JEN 1965  |p 1810596  |r 2023-01-25  |w 2019-11-19  |y BK  |k DER